Proizvodstvennyje funkcii v ekonomičeskom analize

Saved in:
Bibliographic Details
Main Author: Plakunov, Michail Konstantinovič
Other Authors: Rajackas, Rajmundas Ljanovič
Format: Book
Language:Russian
Published: Vil'njus Mintis 1984
Tags: Add Tag
No Tags, Be the first to tag this record!

MARC

LEADER 00000nam a2200000 4500
001 c106569
005 20041019155137.7
041 0 |a rus 
044 |a LT 
245 1 0 |a Proizvodstvennyje funkcii v ekonomičeskom analize  |c Michail Konstantinovič Plakunov, Rajmundas Ljanovič Rajackas 
264 1 |a Vil'njus  |b Mintis  |c 1984 
300 |a 307 s. 
100 1 |a Plakunov, Michail Konstantinovič 
700 1 |a Rajackas, Rajmundas Ljanovič